Privatization and regulation of transport infrastructure: guideline for policymakers and regulation (Record no. 33930)

MARC details
000 -LEADER
fixed length control field 00618nam a2200181Ia 4500
020 ## - INTERNATIONAL STANDARD BOOK NUMBER
ISBN 9780821347218
050 ## - CALL MARK
Classification number HE 193 .P75/
100 ## - STATEMENT OF RESPONSIBILITY--MAIN AUTHOR NAME
Personal name Edited by Antonio Estache & Gines de Rus
245 #0 - TITLE STATEMENT
Title Privatization and regulation of transport infrastructure: guideline for policymakers and regulation
260 ## - PUBLICATION, DISTRIBUTION, ETC. (IMPRINT)
Place of publication Washing, DC.
260 ## - PUBLICATION, DISTRIBUTION, ETC. (IMPRINT)
Name of publisher The World Bank
260 ## - PUBLICATION, DISTRIBUTION, ETC. (IMPRINT)
Year of publication 2000
300 ## - PHYSICAL DESCRIPTION
Number of Pages 316 p
650 ## - SUBJECT ADDED ENTRY--TOPICAL TERM
Topical Term Transportation--Planning. Transportation and state. Transportation--Deregulation. Privatization. Competition.
942 ## - ADDED ENTRY ELEMENTS (KOHA)
Koha item type Books
Holdings
Withdrawn status Lost status Source of classification or shelving scheme Damaged status Not for loan Permanent Location Current Location Date acquired Accession Number Price effective from Koha item type
    Library of Congress Classification     NILE UNIVERSITY OF NIGERIA - MAIN LIBRARY NILE UNIVERSITY OF NIGERIA - MAIN LIBRARY 04/23/2025 0194606 04/23/2025 Books